书目信息 |
| 题名: |
给水排水管道工程施工及验收规范实施手册
|
|
| 作者: | 许其昌 主编 | |
| 分册: | ||
| 出版信息: | 北京 中国建筑工业出版社 1998.09 |
|
| 页数: | 462页 | |
| 开本: | 32开 | |
| 丛书名: | ||
| 单 册: | ||
| 中图分类: | ||
| 科图分类: | ||
| 主题词: | 给水工程:市政工程 , 城市供水系统 | |
| 电子资源: | ||
| ISBN: | 7-112-03593-7 | |
| 000 | 00689nam0 2200217 45 | |
| 001 | 9911231677 | |
| 005 | 20000917152911.9 | |
| 010 | @a7-112-03593-7@d36.00元 | |
| 100 | @a19991123d1998 km y0chiy0120 ea | |
| 101 | @achi | |
| 105 | @a z 000yy | |
| 200 | 1 | @a给水排水管道工程施工及验收规范实施手册@AGei ShuiPai Shui Guan Dao Gong Cheng Shi Gong Ji Yan Shou Gui Fan Shi Shi Shou Ce@f许其昌主编@FXu Qi Chang Zhu Bian |
| 210 | @a北京@c中国建筑工业出版社@d1998.09 | |
| 215 | @a462页@d32开 | |
| 606 | 0 | @a给水工程:市政工程 |
| 606 | 0 | @a城市供水系统 |
| 690 | @v3 | |
| 690 | @aTU991.05@v3 | |
| 701 | @a许其昌@4主编 | |
| 801 | @aCN@bPFTUser@c19991123 | |
| 905 | @dTU991.05@eX120@b146493@f1 | |
| 给水排水管道工程施工及验收规范实施手册/许其昌主编.-北京:中国建筑工业出版社,1998.09 |
| 462页;32开 |
| ISBN 7-112-03593-7:36.00元 |
| ● |
| 相关链接 |
|
|
|
正题名:给水排水管道工程施工及验收规范实施手册
索取号:TU991.05/X120
 
预约/预借
| 序号 | 登录号 | 条形码 | 馆藏地/架位号 | 状态 | 备注 |
| 1 | 146493 | 201464931 | 市政与环境工程学院资料室/101建筑库 96排2列5层/ [索取号:TU991.05/X120] | 在馆 |